000 00766nam a2200253Ia 4500
003 OSt
005 20220923211046.0
006 a|||||r|||| 00| 0
007 ta
008 Pun
020 _a817599178X (hbk)
_c150
024 _a281,603
037 _b868, 14/08/2014, H.K. Prakashan
_cTextual
040 _aARTS
_cARTS
_bPun
041 _2Pun
_aPun
082 _aO153,1N42x, P7
100 _aਤਰਸੇਮ, ਐਮ
_9157739
245 0 _aਪਰਵਾਗ਼ ਦਰ ਪਰਵਾਗ਼
260 _aਦਿੱਲੀ
_b ਨਵਯੁਗ
_c2007
300 _a128ਪੰ
_ccm.
650 _aਪੰਜਾਬੀ ਸਾਹਿਤ
942 _hO153,1N42x, P7
_cTEXL
_2CC
999 _c294658
_d294658